000 01261cad a22002055a 4500
001 L155329
008 120320s2012 xxk 000 0 eng d
035 _a(Sirsi) u155329
041 0 _aeng
110 2 _aCushman & Wakefield
_95888
245 0 0 _aMarketview 2012
_bthe year of government deleveraging - March 2012
_h[electronic resource]
260 _aNew York
_bCushman & Wakefield
_c2012
490 0 _aCushman & Wakefield Marketview
_vMarch 2012
520 _aCushman & Wakefield believes 2012 will be a reverse image of 2011. The global economy in 2012 is anticipated to start off slowly, as debt resolution issues remain a concern, and strengthen during the second half as underlying economic fundamentals come to the fore. Real estate markets will start sluggishly followed by improvement during the latter half of 2012. Covers the global economy and regionally for Europe, Americas, and Asia Pacific; outlines six key trends for 2012.
590 _aKA
651 4 _aInternational
690 _aCommercial property
_96227
856 4 0 _uhttps://www.cushwake.com/cwglobal/jsp/kcGlobalReportArchive.jsp?Country=GLOBAL&Language=EN&catId=100003&sector=ALL
_zView the report after registration (free) with Knowledge Center at www.cushwake.com
942 _n0
999 _c83858
_d83858